| 000 | 01682nam0a2200349 4500 | ||
|---|---|---|---|
| 001 | RU\NLR\BIBL_A\012189178 | ||
| 005 | 20231025105233.0 | ||
| 010 |
_a978-5-9961-2122-9 _9500 |
||
| 021 |
_aRU _bКН-П-19-097617 _9КН-П-19-7171 |
||
| 035 | _a(NLR Aleph) 012189178 | ||
| 035 | _a(RuMoRGB)010203324 | ||
| 090 |
_a12295558 _c12295558 |
||
| 100 | _a20200128d2019 u y0rusy50 ca | ||
| 101 | 0 | _arus | |
| 102 | _aRU | ||
| 105 | _aa|||j|||000zy | ||
| 181 | 0 |
_ai _baxxe |
|
| 182 | 0 | _an | |
| 200 | 1 |
_aОсновы ораторского искусства _eучебник _fЛ. В. Васильева _gМинистерство науки и высшего образования Российской Федерации, Федеральное государственное бюджетное образовательное учреждение высшего образования "Тюменский индустриальный университет" |
|
| 203 |
_aТекст _bвизуальный _cнепосредственный |
||
| 210 |
_aТюмень _cТИУ _d2019 |
||
| 215 |
_a83 с. _cил., табл. _d21 |
||
| 320 | _aБиблиогр.: с. 83 (16 назв.) | ||
| 606 | 1 |
_aРиторика _jУчебники для высших учебных заведений _91878520 _3RU\NLR\AUTH\66853436 |
|
| 686 | 2 | _aШ7я73-1 | |
| 700 | 1 |
_7ca _8rus _aВасильева _bЛ. В. _cканд. ист. наук, менеджмент _gЛариса Владимировна _9216050 _3RU\NLR\AUTH\770216106 |
|
| 942 | _cBOOK | ||
| 980 | _aNBR | ||
| 980 | _aNB | ||